1399 1791 1038 1483 1745 1079 1658 1358 1283 1479 1658 1076 1270 1434 1921 1703 1950 1848 1325 1875 1394 1995 1502 1498 1048 1385 1912 1746 1920 1835 1775 1158 1032 1711 1336 1428 1539 1782 1777 1827 1256 1531 1674 1350 1457 1433 1723 1955 1597 1113 1250 1664 1964 1831 1726 1565 1871 1149 1372 1137 1684 1059 1161 1161 1679 1691 1816 1720 1801 1519 1208 1507 1179 1623 1155 1379 1331 1245 1453 1250 1681 1061 1296 1275 1331 1623 1880 1619 1786 1609 1002 1780 1427 1827 1431 1011 1019 1608 1855 BCNSPRNW ULIB Ver.6.0+V

เปลี่ยนเป็นภาษาไทย

Change to English
 แสดงรายละเอียดบรรณานุกรม
  กลับหน้าหลัก

Brief Record : Get Marc (ISO 2709) : E-mail record : QR code < ปิดหน้าต่าง
LEADER : 00000nam 2200000uu 4500
001    13399112589
003     ULIB
008    110826s2552||||th 000 0 tha d
020    9786160800308
050  4 HQ772^bล659ส 2552
100 1  เอซึดอ, ยอ
245 10 สร้างลูกอัจฉริยะสมองใส สุขภาพดีก่อนวัย 13 =^bHealth under 13 years decides the brain /^cเอซึดอ ยอ ; กาญจนา ประสพเนตร, แปล
246 31 Health under 19 years decides the brain
260    กรุงเทพฯ :^bซีเอ็ดยูเคชั่น,^c2552
300    256 หน้า
650  4 สุขวิทยา
650  4 เด็ก^xการเลี้ยงดู
650  4 เด็ก^xการดูแล
650  4 เด็ก^xสุขภาพอนามัย
700 0  กาญจนา ประสพเนตร
945    ^p195^l0^i026836
945    ^p195^l0^i026837
995    ทศพร
999 ^a ทศพร
รายการนี้ยังไม่มีแท็ก
คุณยังไม่ได้ล็อกอิน คุณสามารถมีกิจกรรมร่วมกับเว็บไซต์ได้ แต่ต้องล็อกอินก่อน ::
  ล็อกอิน

รายการสื่อสารสนเทศ

ลำดับที่ ประเภท เลขเรียก/บาร์โค้ด สถานที่ สถานะ
- ไม่พบข้อมูล -

รายการใกล้เคียง
    ผู้แต่ง [เอซึดอ, ยอ]

    หัวเรื่อง [สุขวิทยา]
    หัวเรื่อง [เด็ก การดูแล]

BibComment


ยังไม่เคยถูกคอมเมนท์

คอมเมนท์ทรัพยากรรายการนี้
  คอมเมนท์: สร้างลูกอัจฉริยะส..


 Copyright 2026. Bcnsprnw @Library